000
00303nam a2200121Ia 4500
008
190723s9999 xx 000 0 und d
100
_a
Cambridge University Press
245
0
_a
Cambridge IELTS
250
_a
05 V
260
_a
Cambridge
_b
Cambridge university Press
_c
2010
300
_a
176:p
942
_c
BK
999
_c
2002
_d
2002